Statistics for Female Figure Skaters 1

Click here to take the quiz!

General Stats

  • This quiz has been taken 16 times
  • The average score is 9 of 16

Answer Stats

Answer% Correct
Alexandra Trusova
91%
Alina Zagitova
82%
Anna Shcherbakova
82%
Kamila Valieva
82%
Evgenia Medvedeva
73%
Yuna Kim
73%
Kaori Sakamoto
64%
Loena Hendrickx
64%
Alysa Liu
55%
Amber Glenn
55%
Wakaba Higuchi
45%
Ekaterina Kurakova
36%
Sofia Muravieva
36%
Young You
36%
Madeline Schizas
18%
Niina Petrokina
18%

Score Distribution

Percentile by Number Answered

Percent of People with Each Score

Your Score History

You have not taken this quiz